| 000 | 00000nas 2200000za 4500 |
| 001 | 9.864249 |
| 003 | CaOODSP |
| 005 | 20250403110142 |
| 007 | cr ||||||||||| |
| 008 | 181105d19701972oncar p oss f000#b0fre| |
| 022 | # |y0384-4587 |
| 040 | |aCaOODSP|bfre |
| 041 | |aeng|afre |
| 043 | |an-cn--- |
| 086 | 1 |aCS35-203-PDF |
| 130 | 0 |aHardwood flooring plants (Final) |
| 245 | 00|aHardwood flooring plants |h[ressource électronique] = |bFabrication de parquets en bois dur. |
| 246 | 11|aFabrication de parquets en bois dur |
| 260 | |aOttawa : |bStatistics Canada, Manufacturing and Primary Industries Division = Statistique Canada, Division des industries manufacturières et primaires.|c1972-1974. |
| 300 | |a3 v. |
| 310 | |aAnnuel |
| 362 | 0 |a1970-1972. |
| 490 | 0 |aAnnual census of manufactures = Recensement annuel des manufactures |
| 500 | |aÉdition numérisée de l’imprimé [par Statistique Canada] |
| 546 | |aTexte en anglais et en français. |
| 580 | |aFait suite à : The hardwood flooring industry. |
| 580 | |aFusionné avec : Sash, door and other millwork plants and manufacturers of pre-fabricated buildings, et devient : Sash, door and other millwork plants. |
| 692 | 07|2gccst|aPlancher |
| 692 | 07|2gccst|aIndustrie du bois |
| 710 | 1 |aCanada. |bStatistique Canada. |bDivision des industries manufacturières et primaires. |
| 710 | 2 |aStatistique Canada. |
| 780 | 00|tThe hardwood flooring industry |w(CaOODSP)9.864237 |
| 785 | 00|tSash, door and other millwork plants |w(CaOODSP)9.864260 |
| 791 | |tHardwood flooring plants |eeng|w(CaOODSP)9.864240 |